| Tag |
First Indicator |
Second Indicator |
Subfields |
| LEADER |
00000cam a22000008a 4500 |
| 001 |
in00004506921 |
| 005 |
20230113181022.5 |
| 008 |
071119s2008 flua b 001 0 eng |
| 015 |
|
|
|a GBA795182
|2 bnb
|
| 016 |
7 |
|
|a 014407705
|2 Uk
|
| 019 |
|
|
|a 144226543
|
| 020 |
|
|
|a 9781420060829 (hbk.)
|
| 020 |
|
|
|a 1420060821 (hbk.)
|
| 035 |
|
|
|a (OCoLC)213468990
|
| 035 |
|
|
|z (UtOrBLW)45326
|
| 035 |
|
|
|a 65453
|
| 040 |
|
|
|a UKM
|c UKM
|d BAKER
|d BTCTA
|d YDXCP
|d TMV
|d UtOrBLW
|
| 049 |
|
|
|a TMVM
|c 1
|
| 060 |
|
4 |
|a WF 143
|b S6302 2008
|
| 082 |
0 |
4 |
|a 612.821083
|2 22
|
| 245 |
0 |
0 |
|a Sleep and breathing in children :
|b developmental changes in breathing during sleep /
|c edited by Carole Marcus [and others].
|
| 250 |
|
|
|a Second edition.
|
| 264 |
|
1 |
|a Boca Raton, Fla. :
|b CRC,
|c [2008]
|
| 264 |
|
2 |
|a London :
|b Taylor & Francis [distributor].
|
| 264 |
|
4 |
|c ©2008
|
| 300 |
|
|
|a xxii, 612 pages :
|b illustrations ;
|c 23 cm.
|
| 336 |
|
|
|a text
|2 rdacontent
|b txt
|
| 337 |
|
|
|a unmediated
|2 rdamedia
|
| 338 |
|
|
|a volume
|2 rdacarrier
|b nc
|
| 490 |
1 |
|
|a Lung biology in health and disease
|
| 500 |
|
|
|a Previous edition: New York: Marcel Dekker, 2000.
|
| 504 |
|
|
|a Includes bibliographical references and index.
|
| 650 |
|
0 |
|a Children
|x Sleep.
|
| 650 |
|
0 |
|a Respiratory insufficiency in children.
|
| 650 |
|
0 |
|a Sleep
|x Physiological aspects.
|
| 650 |
|
2 |
|a Respiration.
|
| 650 |
|
2 |
|a Sleep
|x physiology.
|
| 650 |
|
2 |
|a Child.
|
| 700 |
1 |
|
|a Marcus, Carole L.
|
| 830 |
|
0 |
|a Lung biology in health and disease.
|
| 999 |
|
|
|a MARS
|
| 999 |
f |
f |
|s 625fbe71-2dfe-3d19-bcc9-a04a0b130a52
|i 9a952dc0-fc6e-3dbd-b7f9-2a43dd161696
|t 0
|
| 952 |
f |
f |
|p ric
|a Texas A&M University
|b Rellis Campus
|c Joint Library Facility
|d Remote Storage
|t 0
|e WF 143 S6302 2008
|h National Library of Medicine classification
|i unmediated -- volume
|m 3238902029410
|
| 998 |
f |
f |
|a WF 143 S6302 2008
|t 0
|l Remote Storage
|